[Event "2021 FIDE Online Olympiad"]
[Site "Chess.com"]
[Date "2021.09.02"]
[Round "3"]
[Board "5"]
[White "Wong, Zhenyong Jayden"]
[Black "Mohammad Fahad, Rahman"]
[Result "0-1"]
[WhiteElo "1711"]
[BlackElo "2287"]
[PlyCount "110"]
[EventDate "2021.09.02"]
[EventType "team"]
[EventRounds "9"]
[EventCountry "FID"]
[WhiteTeam "Singapore"]
[BlackTeam "Bangladesh"]

1. c4  c6  2. e4  d5  3. exd5  cxd5  4. d4  Nf6  5. Nc3  Nc6  6. Nf3  e6  7. cxd5  Nxd5  8. Bd3  Be7  9. O-O  O-O  10. Re1  h6  11. Bc2  f5  12. Nxd5  Qxd5  13. Bb3  Qd6  14. d5  exd5  15. Qxd5+  Kh7  16. Be3  Qxd5  17. Bxd5  Nb4  18. Bb3  Nd3  19. Red1  Nc5  20. Bd5  f4  21. Bxc5  Bxc5  22. Rac1  Bb6  23. Ne5  Bf5  24. Bxb7  Rae8  25. Nc4  Re2  26. Bf3  Re6  27. Nxb6  Rxb6  28. b3  Ra6  29. Rd2  Re8  30. h3  Re5  31. Bg4  Bxg4  32. hxg4  Rea5  33. Rcc2  Ra3  34. f3  Kg6  35. Kf2  R6a5  36. g3  Kg5  37. b4  Rb5  38. gxf4+  Kxf4  39. Rc4+  Ke5  40. Re4+  Kf6  41. Rd6+  Kf7  42. Rd7+  Kg8  43. Re8+  Kh7  44. Ree7  Rxa2+  45. Kg3  Rg5  46. Rxa7  Rb2  47. Rab7  Rg6  48. f4  Rb3+  49. Kh4  Rb1  50. f5  Rh1+  51. Kg3  Rg1+  52. Kf3  Rg5  53. Re4  h5  54. gxh5  Rxf5+  55. Rf4  Rf1+   0-1

[Event "2021 FIDE Online Olympiad"]
[Site "Chess.com"]
[Date "2021.09.02"]
[Round "3"]
[Board "6"]
[White "Noshin, Anjum"]
[Black "Hng, Mei-En Emmanuelle"]
[Result "0-1"]
[WhiteElo "1808"]
[BlackElo "1634"]
[PlyCount "80"]
[EventDate "2021.09.02"]
[EventType "team"]
[EventRounds "9"]
[EventCountry "FID"]
[WhiteTeam "Bangladesh"]
[BlackTeam "Singapore"]

1. e4  d6  2. d4  Nf6  3. Nc3  g6  4. Nf3  Bg7  5. Bc4  O-O  6. O-O  Bg4  7. h3  Bxf3  8. Qxf3  Nc6  9. Be3  e5  10. d5  Nd4  11. Qd1  Re8  12. f3  a6  13. Bxd4  exd4  14. Ne2  c5  15. dxc6  bxc6  16. Nxd4  Qb6  17. Kh1  Rad8  18. Ne2  d5  19. exd5  Nxd5  20. Qe1  Ne3  21. Bb3  Nxf1  22. Qxf1  Qb5  23. c4  Qb4  24. Ng3  c5  25. Ne4  a5  26. Rc1  a4  27. Bc2  Qxb2  28. Bxa4  Qxa2  29. Bxe8  Rxe8  30. Re1  Rc8  31. Nd6  Rf8  32. Rd1  Qa6  33. Qe2  Bd4  34. Ne4  Qe6  35. Qd3  Re8  36. Ng5  Qe5  37. Ne4  Kg7  38. Nd2  Qf4  39. Nb3  Be5  40. Qe4  Qh2#   0-1

[Event "2021 FIDE Online Olympiad"]
[Site "Chess.com"]
[Date "2021.09.02"]
[Round "3"]
[Board "1"]
[White "Megaranto, Susanto"]
[Black "Zeng, Chongsheng"]
[Result "1/2-1/2"]
[WhiteElo "2517"]
[BlackElo "2499"]
[PlyCount "81"]
[EventDate "2021.09.02"]
[EventType "team"]
[EventRounds "9"]
[EventCountry "FID"]
[WhiteTeam "Indonesia"]
[BlackTeam "Shenzhen China"]

1. d4  Nf6  2. Nf3  e6  3. c4  d5  4. cxd5  exd5  5. Nc3  Bb4  6. Qa4+  Nc6  7. Bg5  h6  8. Bxf6  Qxf6  9. e3  O-O  10. Be2  Be6  11. O-O  a6  12. Rac1  Rfd8  13. Qc2  Bd6  14. Na4  Ne7  15. Nc5  Bc8  16. b4  b6  17. Nd3  Bf5  18. Qb3  Ng6  19. Rfd1  a5  20. b5  a4  21. Qc3  a3  22. Nde5  Re8  23. Bd3  Be4  24. Qc2  Nxe5  25. dxe5  Bxe5  26. Nxe5  Qxe5  27. Qxc7  Qb2  28. Bxe4  dxe4  29. Qc4  Rac8  30. Qxc8  Rxc8  31. Rxc8+  Kh7  32. Rcc1  Qxa2  33. Ra1  Qe2  34. Re1  Qd2  35. Red1  Qc2  36. Rdc1  Qb2  37. Rcb1  Qc2  38. Rc1  Qd2  39. Rd1  Qe2  40. Re1  Qd2  41. Red1   1/2-1/2

[Event "2021 FIDE Online Olympiad"]
[Site "Chess.com"]
[Date "2021.09.02"]
[Round "3"]
[Board "2"]
[White "Yu, Ruiyuan"]
[Black "Priasmoro, Novendra"]
[Result "0-1"]
[WhiteElo "2506"]
[BlackElo "2312"]
[PlyCount "114"]
[EventDate "2021.09.02"]
[EventType "team"]
[EventRounds "9"]
[EventCountry "FID"]
[WhiteTeam "Shenzhen China"]
[BlackTeam "Indonesia"]

1. e4  c5  2. Nf3  Nc6  3. d4  cxd4  4. Nxd4  g6  5. c4  Bg7  6. Be3  Nf6  7. Nc3  d6  8. Be2  O-O  9. O-O  Bd7  10. Rc1  Nxd4  11. Bxd4  Bc6  12. f3  Nd7  13. b4  Bxd4+  14. Qxd4  b6  15. f4  a5  16. a3  axb4  17. axb4  Ra3  18. Ra1  Qa8  19. Nd5  Bxd5  20. cxd5  Qa7  21. Rxa3  Qxa3  22. Ra1  Qb3  23. Bd1  e5  24. Bxb3  exd4  25. Rd1  g5  26. g3  gxf4  27. gxf4  f5  28. Rxd4  Ra8  29. Bc4  fxe4  30. Rxe4  Ra1+  31. Kg2  Rb1  32. Bb5  Nf6  33. Rd4  Rb3  34. Bc6  Kf7  35. b5  Ra3  36. Kf2  Kg6  37. Rc4  Kf5  38. Bb7  Ne4+  39. Kg2  Kxf4  40. Rc7  Ra2+  41. Kg1  Ra7  42. Rf7+  Ke5  43. Rxh7  Kf4  44. Rf7+  Ke3  45. h4  Nc5  46. h5  Rxb7  47. Rf8  Rg7+  48. Kh2  Rh7  49. Rb8  Rxh5+  50. Kg3  Ne4+  51. Kg2  Rxd5  52. Rxb6  Rg5+  53. Kh3  Kf3  54. Kh4  Rf5  55. Rb8  Nf6  56. Rh8  Rxb5  57. Rh6  Rf5   0-1

[Event "2021 FIDE Online Olympiad"]
[Site "Chess.com"]
[Date "2021.09.02"]
[Round "3"]
[Board "3"]
[White "Sukandar, Irine Kharisma"]
[Black "Zhao, Xue"]
[Result "1/2-1/2"]
[WhiteElo "2381"]
[BlackElo "2442"]
[PlyCount "114"]
[EventDate "2021.09.02"]
[EventType "team"]
[EventRounds "9"]
[EventCountry "FID"]
[WhiteTeam "Indonesia"]
[BlackTeam "Shenzhen China"]

1. e4  e6  2. d4  d5  3. Nd2  c5  4. exd5  Qxd5  5. dxc5  Bxc5  6. Ngf3  Nf6  7. Bc4  Qh5  8. O-O  O-O  9. Nb3  Bb6  10. Qe2  Nc6  11. Be3  Bxe3  12. Qxe3  b6  13. Rad1  Bb7  14. h3  Nb4  15. Nbd4  Rac8  16. Bb3  Rc5  17. c3  Nbd5  18. Qc1  e5  19. Ne2  Ne4  20. Bc2  Ndf6  21. Qe3  h6  22. Nc1  Ng5  23. Nxg5  Qxg5  24. Qxg5  hxg5  25. Nd3  Ra5  26. Bb3  Bd5  27. Rfe1  Re8  28. Nb4  Bxb3  29. axb3  Rb5  30. Rd2  Re6  31. Ree2  a5  32. Nd3  Rd5  33. Ne1  Rb5  34. Nd3  e4  35. Nc1  Nh5  36. Rd4  Rbe5  37. b4  Nf4  38. Re1  axb4  39. Rxb4  f5  40. Rd4  Kh7  41. c4  Ra5  42. b4  Ra1  43. Kf1  Rc6  44. b5  Rc7  45. g4  g6  46. gxf5  gxf5  47. Ne2  Rxe1+  48. Kxe1  Nxh3  49. Ng3  Ng1  50. Rd6  Nf3+  51. Ke2  Nh4  52. Rc6  Rb7  53. Rf6  Kg7  54. Nh5+  Kg8  55. Ng3  Kg7  56. Nh5+  Kg8  57. Ng3  Kg7   1/2-1/2

[Event "2021 FIDE Online Olympiad"]
[Site "Chess.com"]
[Date "2021.09.02"]
[Round "3"]
[Board "4"]
[White "Xu, Tong"]
[Black "Aulia, Medina Warda"]
[Result "0-1"]
[WhiteElo "2111"]
[BlackElo "2344"]
[PlyCount "104"]
[EventDate "2021.09.02"]
[EventType "team"]
[EventRounds "9"]
[EventCountry "FID"]
[WhiteTeam "Shenzhen China"]
[BlackTeam "Indonesia"]

1. e4  e6  2. d4  d5  3. exd5  exd5  4. Bd3  Bd6  5. h3  Nc6  6. Nf3  Nge7  7. c3  f6  8. O-O  Be6  9. Re1  Qd7  10. Qe2  Bf7  11. b4  O-O-O  12. Qc2  Bg6  13. Nbd2  Bxd3  14. Qxd3  Qf5  15. Qxf5+  Nxf5  16. Nb3  b6  17. a4  h5  18. a5  Kd7  19. Bd2  Rdg8  20. axb6  axb6  21. g3  g5  22. Nh2  h4  23. g4  Ng7  24. Nf1  Ne6  25. Nc1  Bf4  26. Nd3  Bxd2  27. Nxd2  Ra8  28. Nb3  Ne7  29. Kh2  Ng6  30. b5  Nef4  31. Nb4  Rxa1  32. Nxa1  Ra8  33. Nac2  Ra5  34. Ne3  Ne7  35. Rb1  Rxb5  36. Ra1  Ra5  37. Rc1  c5  38. Nbc2  Ra2  39. Rb1  Kc7  40. Rb5  Kc6  41. Rb1  Ra8  42. Rd1  Ne2  43. c4  Nxd4  44. Nxd4+  cxd4  45. Rxd4  Kc5  46. Rd1  d4  47. Nc2  Nc6  48. Rb1  Ra2  49. Ne1  Rxf2+  50. Kg1  Ra2  51. Rc1  Ne5  52. Rb1  d3   0-1

[Event "2021 FIDE Online Olympiad"]
[Site "Chess.com"]
[Date "2021.09.02"]
[Round "3"]
[Board "5"]
[White "Tarigan, Gilbert Elroy"]
[Black "Xue, Haowen"]
[Result "1/2-1/2"]
[WhiteElo "2084"]
[BlackElo "2128"]
[PlyCount "80"]
[EventDate "2021.09.02"]
[EventType "team"]
[EventRounds "9"]
[EventCountry "FID"]
[WhiteTeam "Indonesia"]
[BlackTeam "Shenzhen China"]

1. d4  Nf6  2. Nf3  d5  3. c4  e6  4. g3  Bb4+  5. Bd2  Be7  6. Bg2  O-O  7. Qc2  Nbd7  8. O-O  c6  9. Nc3  dxc4  10. Ne4  b5  11. Nxf6+  Bxf6  12. b3  cxb3  13. axb3  Bb7  14. b4  Nb6  15. Rfd1  Nc4  16. Bc3  Qb6  17. Nd2  Bxd4  18. Bxd4  Qxd4  19. Nxc4  Qxc4  20. Qxc4  bxc4  21. Rd7  Rab8  22. Rd4  c5  23. bxc5  Bxg2  24. Kxg2  Rfc8  25. Rxc4  Rc7  26. Rca4  Rxc5  27. Rxa7  h5  28. Ra8  Rxa8  29. Rxa8+  Kh7  30. h4  Kg6  31. e3  Kf6  32. Ra4  g6  33. Kf3  Rc2  34. Kg2  Kg7  35. Ra7  Kf6  36. Rb7  Ra2  37. Rc7  Kg7  38. Rb7  Kf6  39. Rc7  Kg7  40. Rb7  Kf6   1/2-1/2

[Event "2021 FIDE Online Olympiad"]
[Site "Chess.com"]
[Date "2021.09.02"]
[Round "3"]
[Board "6"]
[White "Li, Xinyu"]
[Black "Latifah, Laysa"]
[Result "1-0"]
[WhiteElo "2167"]
[BlackElo "1917"]
[PlyCount "61"]
[EventDate "2021.09.02"]
[EventType "team"]
[EventRounds "9"]
[EventCountry "FID"]
[WhiteTeam "Shenzhen China"]
[BlackTeam "Indonesia"]

1. d4  d5  2. c4  e6  3. Nc3  Nf6  4. cxd5  exd5  5. Bg5  Be7  6. e3  O-O  7. Bd3  Nbd7  8. Nf3  Re8  9. O-O  c6  10. Nd2  Nf8  11. Rb1  a5  12. a3  Ng6  13. b4  h6  14. Bxf6  Bxf6  15. Qc2  Nf8  16. b5  Qd6  17. bxc6  bxc6  18. Na4  Qxa3  19. Nc5  a4  20. Ra1  Qb4  21. Rfb1  Bxd4  22. Rxb4  Bxa1  23. Rxa4  Bg4  24. h3  Bh5  25. Qa2  Rxa4  26. Qxa4  Bc3  27. Qxc6  Re5  28. Ndb3  Bd1  29. Qc8  Re7  30. Nd4  g6  31. Nc6   1-0

[Event "2021 FIDE Online Olympiad"]
[Site "Chess.com"]
[Date "2021.09.02"]
[Round "3"]
[Board "1"]
[White "O`Donnell, Conor"]
[Black "Abdyjapar, Asyl"]
[Result "0-1"]
[WhiteElo "2184"]
[BlackElo "2390"]
[PlyCount "64"]
[EventDate "2021.09.02"]
[EventType "team"]
[EventRounds "9"]
[EventCountry "FID"]
[WhiteTeam "Ireland"]
[BlackTeam "Kyrgyzstan"]

1. d4  Nf6  2. Nf3  g6  3. g3  Bg7  4. Bg2  O-O  5. O-O  d6  6. c4  Nc6  7. Nc3  a6  8. Bf4  Re8  9. Rc1  Bg4  10. d5  Na5  11. Nd2  c5  12. dxc6  Nxc6  13. h3  Bd7  14. b3  Qa5  15. Nd5  Rac8  16. Nxf6+  Bxf6  17. Ne4  Bg7  18. Qd2  Qxd2  19. Bxd2  b5  20. cxb5  axb5  21. e3  Ne5  22. Rxc8  Rxc8  23. Rc1  Rxc1+  24. Bxc1  Kf8  25. f4  Nd3  26. Bd2  Bb2  27. Bc3  Bc1  28. Kf1  b4  29. Bd4  Bb5  30. Kg1  Ne1  31. Bb6  Nxg2  32. Kxg2  Bc6   0-1

[Event "2021 FIDE Online Olympiad"]
[Site "Chess.com"]
[Date "2021.09.02"]
[Round "3"]
[Board "2"]
[White "Orozbaev, Eldiar"]
[Black "Jessel, Stephen"]
[Result "0-1"]
[WhiteElo "1869"]
[BlackElo "2294"]
[PlyCount "66"]
[EventDate "2021.09.02"]
[EventType "team"]
[EventRounds "9"]
[EventCountry "FID"]
[WhiteTeam "Kyrgyzstan"]
[BlackTeam "Ireland"]

1. e4  c5  2. c3  e6  3. d4  d5  4. exd5  exd5  5. Nf3  Nc6  6. Bb5  Bd6  7. O-O  Nf6  8. Qe2+  Be6  9. dxc5  Bxc5  10. Ne5  Rc8  11. Bg5  O-O  12. Nd2  Re8  13. Bxc6  bxc6  14. Qf3  Be7  15. Rfe1  h6  16. Bh4  Qb6  17. b3  c5  18. Rad1  a5  19. Nf1  a4  20. bxa4  Qa6  21. Ne3  Qxa4  22. Bxf6  Bxf6  23. Nxd5  Bxd5  24. Rxd5  Qxa2  25. g3  Re6  26. Nd3  Rxe1+  27. Nxe1  Qa1  28. Rd1  Qxc3  29. Qf5  Re8  30. Ng2  Bd4  31. Qd7  Re6  32. Rf1  Qd2  33. Nf4  Bxf2+   0-1

[Event "2021 FIDE Online Olympiad"]
[Site "Chess.com"]
[Date "2021.09.02"]
[Round "3"]
[Board "3"]
[White "Gelip, Ioana"]
[Black "Zairbek kyzy, Begimai"]
[Result "1/2-1/2"]
[WhiteElo "2096"]
[BlackElo "1649"]
[PlyCount "179"]
[EventDate "2021.09.02"]
[EventType "team"]
[EventRounds "9"]
[EventCountry "FID"]
[WhiteTeam "Ireland"]
[BlackTeam "Kyrgyzstan"]

1. e4  c6  2. Nc3  d5  3. Nf3  Bg4  4. h3  Bxf3  5. Qxf3  e6  6. b3  Nf6  7. Bb2  Be7  8. g4  h6  9. Bg2  Nbd7  10. O-O  O-O  11. d4  Rc8  12. Qg3  dxe4  13. Nxe4  Nxe4  14. Bxe4  Nf6  15. Bg2  Qc7  16. Qxc7  Rxc7  17. f4  Nd5  18. Be4  Bf6  19. Rae1  c5  20. Bxd5  exd5  21. Rd1  Re8  22. Rfe1  Rce7  23. Rxe7  Rxe7  24. Ba3  Re2  25. dxc5  Rxc2  26. Rxd5  Rxa2  27. Bb4  a5  28. c6  bxc6  29. Rxa5  Rb2  30. Ra3  Bd4+  31. Kh1  c5  32. Ba5  Rf2  33. Bc7  Rf3  34. Kg2  Rf2+  35. Kg3  Rc2  36. Ra8+  Kh7  37. Rb8  Bc3  38. Rf8  f6  39. Rd8  Be1+  40. Kf3  Rc3+  41. Ke2  Bh4  42. Rd3  Rc2+  43. Rd2  Rc1  44. Bd6  Re1+  45. Kd3  Rh1  46. Kc4  Rxh3  47. Bxc5  Be1  48. Re2  Rc3+  49. Kd4  Rc1  50. b4  Bc3+  51. Kd5  Rf1  52. f5  Rd1+  53. Kc6  Rc1  54. Kb6  h5  55. gxh5  Rf1  56. Bf8  Kg8  57. Bd6  Rxf5  58. Rh2  Kh7  59. b5  Rd5  60. Bc7  Bd4+  61. Ka6  Kh6  62. b6  Bxb6  63. Kxb6  Rxh5  64. Rg2  Rd5  65. Kc6  Rd1  66. Bd6  g5  67. Kd7  f5  68. Ke6  Kg6  69. Bf4  Re1+  70. Kd5  g4  71. Be5  Kg5  72. Bc3  Re8  73. Be5  f4  74. Ke4  f3  75. Rf2  Ra8  76. Bf4+  Kg6  77. Rf1  Ra4+  78. Ke3  Kf5  79. Bc7  Re4+  80. Kf2  Re2+  81. Kg3  Rg2+  82. Kh4  Ke4  83. Bb6  Kf4  84. Bc7+  Ke3  85. Bb6+  Ke2  86. Ra1  f2  87. Bxf2  Kxf2  88. Ra2+  Kf3  89. Rxg2  Kxg2  90. Kxg4   1/2-1/2

[Event "2021 FIDE Online Olympiad"]
[Site "Chess.com"]
[Date "2021.09.02"]
[Round "3"]
[Board "4"]
[White "Samaganova, Alexandra"]
[Black "Lowry-O`Reilly, Hannah"]
[Result "1-0"]
[WhiteElo "1948"]
[BlackElo "1708"]
[PlyCount "35"]
[EventDate "2021.09.02"]
[EventType "team"]
[EventRounds "9"]
[EventCountry "FID"]
[WhiteTeam "Kyrgyzstan"]
[BlackTeam "Ireland"]

1. c4  e6  2. Nc3  d5  3. e3  Nf6  4. Nf3  Be7  5. d4  O-O  6. Bd3  dxc4  7. Bxc4  Nbd7  8. O-O  Re8  9. a3  b6  10. Qe2  Bb7  11. e4  c5  12. Rd1  cxd4  13. Nxd4  a6  14. f3  Qc7  15. Be3  Bd6  16. g3  b5  17. Ndxb5  axb5  18. Nxb5   1-0

[Event "2021 FIDE Online Olympiad"]
[Site "Chess.com"]
[Date "2021.09.02"]
[Round "3"]
[Board "5"]
[White "Kanyamarala, Tarun"]
[Black "Degenbaev, Aziz"]
[Result "0-1"]
[WhiteElo "2018"]
[BlackElo "1795"]
[PlyCount "68"]
[EventDate "2021.09.02"]
[EventType "team"]
[EventRounds "9"]
[EventCountry "FID"]
[WhiteTeam "Ireland"]
[BlackTeam "Kyrgyzstan"]

1. e4  e6  2. d3  d5  3. Nd2  Nf6  4. Ngf3  Nc6  5. c3  dxe4  6. dxe4  Bd6  7. Bb5  e5  8. O-O  O-O  9. Qe2  Bg4  10. h3  Bh5  11. Bxc6  bxc6  12. Rd1  Qe7  13. Nf1  Bg6  14. Ng3  Nh5  15. Nxh5  Bxh5  16. g4  Bg6  17. Qc4  Qe8  18. Be3  Kh8  19. Nh4  a5  20. a4  Rb8  21. Rab1  c5  22. f3  Qe7  23. Bf2  Rb6  24. Kg2  f6  25. Nxg6+  hxg6  26. Rd5  f5  27. Bxc5  fxe4  28. fxe4  Bxc5  29. Qxc5  Qf7  30. Qe3  Rf6  31. Rd2  Rf3  32. Qe1  Qf4  33. Re2  Qh6  34. Qh1  Qh4   0-1

[Event "2021 FIDE Online Olympiad"]
[Site "Chess.com"]
[Date "2021.09.02"]
[Round "3"]
[Board "6"]
[White "Sovetbekova, Nurai"]
[Black "Putar, Lara"]
[Result "0-1"]
[WhiteElo "1541"]
[BlackElo "1516"]
[PlyCount "144"]
[EventDate "2021.09.02"]
[EventType "team"]
[EventRounds "9"]
[EventCountry "FID"]
[WhiteTeam "Kyrgyzstan"]
[BlackTeam "Ireland"]

1. d4  Nf6  2. c4  g6  3. Nf3  Bg7  4. g3  O-O  5. Bg2  d5  6. cxd5  Nxd5  7. O-O  Nb6  8. e3  Bg4  9. Nc3  Nc6  10. h3  Bc8  11. a3  e5  12. dxe5  Nxe5  13. Qc2  Nxf3+  14. Bxf3  Bxh3  15. Rd1  Qc8  16. Nb5  c6  17. Nd6  Qc7  18. e4  Rad8  19. Bf4  Qe7  20. Kh2  Be6  21. Qc5  Na4  22. Qxa7  Nxb2  23. Rd2  Nc4  24. Nxc4  Rxd2  25. Bxd2  Bxc4  26. Rc1  Qe6  27. Qxb7  Be5  28. Qb4  Bd3  29. Bh6  Re8  30. Qd2  Bb5  31. Bg2  Qe7  32. Qe3  Bb2  33. Rc2  Bxa3  34. Bg5  Qb4  35. Bf6  Qf8  36. Qd4  c5  37. Qc3  Bb4  38. Qb2  Bd3  39. Rc1  Ra8  40. Rd1  c4  41. Bf1  Qh6+  42. Kg1  Bxe4  43. Bh4  Be7  44. Rd4  Bf6  45. Qe2  Bd3  46. Rxd3  cxd3  47. Qxd3  Bxh4  48. gxh4  Qxh4  49. Qd5  Rd8  50. Qa5  Qg4+  51. Kh2  Re8  52. Qb5  Qf4+  53. Kg2  Qe4+  54. Kh2  Qe5+  55. Qxe5  Rxe5  56. Kg3  Kg7  57. Bc4  h5  58. Bd3  Kf6  59. Kf4  g5+  60. Kg3  Ra5  61. Bc4  Ra3+  62. Kg2  h4  63. Bb5  Ke5  64. Bd7  f5  65. Bc6  g4  66. Bb5  Kf4  67. Be2  Ra2  68. Bc4  Rc2  69. Bd3  Rd2  70. Bc4  g3  71. Kh3  Rxf2  72. Kxh4  Rh2#   0-1

[Event "2021 FIDE Online Olympiad"]
[Site "Chess.com"]
[Date "2021.09.03"]
[Round "4"]
[Board "1"]
[White "Song, Raymond"]
[Black "Tologontegin, Semetey"]
[Result "1/2-1/2"]
[WhiteElo "2254"]
[BlackElo "2337"]
[PlyCount "136"]
[EventDate "2021.09.02"]
[EventType "team"]
[EventRounds "9"]
[EventCountry "FID"]
[WhiteTeam "Chinese Taipei"]
[BlackTeam "Kyrgyzstan"]

1. d4  Nf6  2. c4  e6  3. Nf3  b6  4. g3  Bb7  5. Bg2  g6  6. Nc3  Bg7  7. d5  exd5  8. cxd5  O-O  9. O-O  Re8  10. Nd4  Na6  11. Ndb5  Nc5  12. Bf4  d6  13. b4  Ncd7  14. Rc1  a6  15. Nd4  Nh5  16. Nc6  Bxc6  17. dxc6  Ne5  18. Bd2  Nf6  19. Qb3  b5  20. Rfd1  Nc4  21. Be1  Nb6  22. e4  Qe7  23. f3  Qe6  24. Bf2  Rab8  25. Bf1  h5  26. h4  Bh6  27. Rc2  g5  28. hxg5  Bxg5  29. Qxe6  fxe6  30. Ra1  Kf7  31. a4  bxa4  32. Nxa4  Nxa4  33. Rxa4  Rg8  34. Bxa6  h4  35. g4  h3  36. Bg3  Be3+  37. Kh2  Bb6  38. Kxh3  Rh8+  39. Kg2  Rbg8  40. Ra1  d5  41. e5  Ne8  42. Bd3  Ng7  43. Rcc1  Bd4  44. Ra2  Nf5  45. Bxf5  exf5  46. Rd1  Bb6  47. gxf5  Rh5  48. Rxd5  Rxf5  49. Ra3  Ke6  50. Rb5  Bd4  51. f4  Rxf4  52. Rf3  Rfg4  53. Kh3  R4g6  54. Rb7  Rh6+  55. Kg2  Bxe5  56. Re3  Rxg3+  57. Rxg3  Bxg3  58. Kxg3  Kd6  59. b5  Rh5  60. Kf4  Rc5  61. Ke4  Rc4+  62. Kd3  Rb4  63. Kc3  Kc5  64. Rxc7  Rxb5  65. Rc8  Rb6  66. c7  Kc6  67. Rb8  Kxc7  68. Rxb6  Kxb6   1/2-1/2

[Event "2021 FIDE Online Olympiad"]
[Site "Chess.com"]
[Date "2021.09.03"]
[Round "4"]
[Board "2"]
[White "Abdyjapar, Asyl"]
[Black "Liu, Yeh Yang"]
[Result "1-0"]
[WhiteElo "2390"]
[BlackElo "2004"]
[PlyCount "67"]
[EventDate "2021.09.02"]
[EventType "team"]
[EventRounds "9"]
[EventCountry "FID"]
[WhiteTeam "Kyrgyzstan"]
[BlackTeam "Chinese Taipei"]

1. c4  c5  2. g3  g6  3. Bg2  Bg7  4. Nc3  e6  5. e3  Ne7  6. Nge2  O-O  7. O-O  Nbc6  8. d4  cxd4  9. exd4  d5  10. cxd5  Nxd5  11. Nxd5  exd5  12. Be3  Bg4  13. h3  Bf5  14. g4  Be6  15. Nf4  Qb6  16. Nxd5  Bxd5  17. Bxd5  Nxd4  18. Qa4  Rfd8  19. Bg2  Qf6  20. Rad1  Nf3+  21. Kh1  Nh4  22. Bxb7  Rxd1  23. Rxd1  Rb8  24. Qxa7  Re8  25. Qb6  Qe7  26. Bc6  h6  27. a4  Be5  28. Bxe8  Bc7  29. Bxf7+  Qxf7  30. Qc6  Qe7  31. Rd7  Qe5  32. Qd5+  Qxd5+  33. Rxd5  Nf3  34. a5   1-0

[Event "2021 FIDE Online Olympiad"]
[Site "Chess.com"]
[Date "2021.09.03"]
[Round "4"]
[Board "3"]
[White "Chen, Chi"]
[Black "Zairbek kyzy, Begimai"]
[Result "0-1"]
[WhiteElo "1353"]
[BlackElo "1649"]
[PlyCount "110"]
[EventDate "2021.09.02"]
[EventType "team"]
[EventRounds "9"]
[EventCountry "FID"]
[WhiteTeam "Chinese Taipei"]
[BlackTeam "Kyrgyzstan"]

1. d4  d5  2. Nf3  Nf6  3. c4  e6  4. Nc3  Be7  5. Bf4  O-O  6. e3  c6  7. cxd5  exd5  8. Bd3  Nbd7  9. O-O  Re8  10. a3  Nf8  11. h3  Bd6  12. Bxd6  Qxd6  13. b4  a6  14. Na4  Ne4  15. Qc2  Ng6  16. Nc5  f5  17. Rfe1  Qe7  18. Rab1  Be6  19. Red1  Rad8  20. Rbc1  Bc8  21. Na4  f4  22. Bxe4  dxe4  23. Nh2  Qg5  24. Kh1  Nh4  25. Rg1  fxe3  26. fxe3  Qxe3  27. Rce1  Qxd4  28. Nc5  Nf5  29. g4  Ne3  30. Qb3+  Nd5  31. Nf1  a5  32. Ne3  axb4  33. axb4  Qxb4  34. Qxb4  Nxb4  35. Nc4  Rd4  36. Nb6  Nc2  37. Re2  Nb4  38. Rf1  h6  39. Nxc8  Rxc8  40. Ref2  Nd3  41. Rf7  Nxc5  42. Re7  Rd7  43. Re5  b6  44. Rb1  Rd5  45. Re7  b5  46. Ra1  Rd7  47. Re5  Rd5  48. Re7  Rcd8  49. Raa7  R8d7  50. Ra8+  Kh7  51. Ree8  Rd1+  52. Kg2  R7d2+  53. Kg3  Rd3+  54. Kh4  g5+  55. Kh5  Rxh3#   0-1

[Event "2021 FIDE Online Olympiad"]
[Site "Chess.com"]
[Date "2021.09.03"]
[Round "4"]
[Board "4"]
[White "Samaganova, Alexandra"]
[Black "Shih, Ching-An"]
[Result "1-0"]
[WhiteElo "1948"]
[BlackElo "1680"]
[PlyCount "89"]
[EventDate "2021.09.02"]
[EventType "team"]
[EventRounds "9"]
[EventCountry "FID"]
[WhiteTeam "Kyrgyzstan"]
[BlackTeam "Chinese Taipei"]

1. c4  c5  2. Nc3  Nc6  3. g3  e6  4. Bg2  Nf6  5. Nf3  Be7  6. O-O  O-O  7. d4  d5  8. cxd5  Nxd5  9. e4  Nxc3  10. bxc3  h6  11. Be3  Qa5  12. Qb3  Rd8  13. Rfd1  Qb6  14. Rab1  Qa5  15. d5  Nb8  16. Ne5  Bd6  17. Nc4  Qc7  18. Nxd6  Rxd6  19. Bf4  b6  20. Bxd6  Qxd6  21. dxe6  Qxe6  22. Qxe6  Bxe6  23. e5  Nd7  24. Bxa8  Nxe5  25. Be4  g6  26. Rd8+  Kg7  27. a4  Nc4  28. Bd5  Nd2  29. Rd1  Bxd5  30. Rxd2  Bc6  31. Ra2  a6  32. Rd6  Be4  33. Rxb6  Bd3  34. Rd2  Bc4  35. Rc6  Bb3  36. Rxa6  c4  37. Rd7  h5  38. h4  Bc2  39. Raa7  Kf6  40. Rxf7+  Ke5  41. a5  Ke4  42. Rfd7  Bd3  43. Rd4+  Kf3  44. Re7  g5  45. Re3#   1-0

[Event "2021 FIDE Online Olympiad"]
[Site "Chess.com"]
[Date "2021.09.03"]
[Round "4"]
[Board "5"]
[White "Bai, Adelard"]
[Black "Sezdbekov, Ruslan"]
[Result "1/2-1/2"]
[WhiteElo "1720"]
[BlackElo "2089"]
[PlyCount "85"]
[EventDate "2021.09.02"]
[EventType "team"]
[EventRounds "9"]
[EventCountry "FID"]
[WhiteTeam "Chinese Taipei"]
[BlackTeam "Kyrgyzstan"]

1. d4  Nf6  2. c4  e6  3. Nf3  d5  4. g3  Bb4+  5. Bd2  Be7  6. Bg2  O-O  7. O-O  Nbd7  8. Qc2  c6  9. Bf4  a5  10. Nbd2  h6  11. e4  b6  12. cxd5  cxd5  13. Bc7  Qe8  14. e5  Nh7  15. Rfc1  Ba6  16. Bf1  Ng5  17. Nxg5  hxg5  18. Bxa6  Rxa6  19. Qc6  Nb8  20. Qxe8  Rxe8  21. Bxb8  Rxb8  22. Rc7  Bd8  23. Rc6  Kf8  24. Rac1  Ke8  25. Nb1  Raa8  26. Na3  b5  27. R1c5  Be7  28. Rxb5  Bxa3  29. Rxb8+  Rxb8  30. bxa3  Rb2  31. Rc5  Rd2  32. Rxa5  Rxd4  33. Ra8+  Ke7  34. Ra7+  Kf8  35. a4  Rd2  36. a5  g6  37. g4  Rxa2  38. a6  Kg7  39. Kg2  Ra4  40. h3  Ra3  41. Ra8  d4  42. Ra7  Ra5  43. Rd7   1/2-1/2